000 01157nam a2200469Ia 4500
001 30199
003 95864
005 20241205062542.0
008 ||||||n9999 ||| || ||
041 _aspa
082 _221
_a658
245 0 _aEstrategias modernas en administración
_brelaciones humanas y teoria de la organización
260 _aBuenos Aires :
_bPAIDO,
_c1975.
300 _av2 253p
490 _aFundamental
_v4
505 _aLa escuela sociológica. La escuela teoría de la organización. Hacia la escuela científica de la administración.
562 _e5
650 0 _aAdministración
_93220
650 _aRELACIONES HUMANAS
_943782
650 _aTEORÍA DE LA ORGANIZACIÓN
_94470
942 _cBKM
942 _cBKM
999 _c30199
_d30199
526 _a102617
526 _a102618
526 _a15794
526 _a102620
526 _a10406
526 _a105630
526 _a1698
526 _a116204
526 _a4969
526 _a19790
526 _a104436
526 _a5144
526 _a51868
526 _a3899
526 _a9683
526 _a
526 _a1703
526 _a1697
526 _a17598